000 01580cam a2200361 i 4500
999 _c507263
_d507263
001 20408533
005 20190227170737.0
008 180316s2018 ii b 001 0 eng
010 _a 2017351196
020 _a9789386552754
_q(hardback)
020 _z9789386552761
_q(POD)
025 _aI-E-2017351196; 28-92; 49-92
037 _bLibrary of Congress -- New Delhi Overseas Office
040 _aDLC
_beng
_erda
_cDLC
042 _alcode
_apcc
043 _aa-ii---
050 0 0 _aPK5410.E36
_bE36 2018
082 _aA3x54 D262
245 0 0 _aEcocriticism and environment :
_brethinking literature and culture /
_cedited by Debashree Dattaray, Sarita Sharma ; foreword by Robert P. Goldman.
300 _ax, 222 pages ;
_c24 cm
504 _aIncludes bibliographical references and index.
520 _aContributed articles explore various ways to deal with the current theories of ecocriticism in twentieth century Indic literature.
650 0 _aIndic literature
_y20th century
_xHistory and criticism.
_91233
650 0 _aLiterature, Modern
_xHistory and criticism.
_91234
650 0 _aEcocriticism in literature.
_91235
650 0 _aEcofeminism in literature.
_91236
650 0 _aNature in literature.
_91237
650 0 _aEcology in literature.
_91238
700 1 _aDattaray, Debashree,
_eeditor.
_91239
700 1 _aŚarmā, Saritā,
_d1978-
_eeditor.
_91240
906 _a7
_bcbc
_corigode
_d2
_encip
_f20
_gy-gencatlg